[Event "Ä17Â"]
[Site "Loo"]
[Date "2017.04.21"]
[Round "2.15"]
[White "Èâàí÷åíêî, Àëåêñàíäðà."]
[Black "×åìáîðèñîâà, Ýëèíà."]
[Result "0-1"]
[WhiteElo "1684"]
[BlackElo "1840"]
[PlyCount "76"]
[EventDate "2017.04.20"]

1. d4 Nf6 2. c4 e6 3. Nc3 Bb4 4. Nf3 b6 5. e3 Bb7 6. Be2 Ne4 7. Bd2 Bxc3 8.
Bxc3 Nxc3 9. bxc3 d6 10. O-O O-O 11. Qd2 Nd7 12. Rfd1 f5 13. Ne1 Nf6 14. f3 Qe8
15. Nd3 Rd8 16. Qc2 Nd7 17. Rab1 Qe7 18. Nf2 e5 19. e4 f4 20. Nd3 c5 21. d5 Nf6
22. Rb2 g5 23. Bf1 h5 24. Qf2 Qg7 25. Ne1 Bc8 26. Be2 g4 27. Nc2 Qg6 28. Re1
Kg7 29. Kh1 g3 30. Qf1 gxh2 31. Kxh2 h4 32. Qf2 Rh8 33. Rh1 Nh5 34. Kg1 Ng3 35.
Rh2 h3 36. Bf1 hxg2 37. Qxg2 Rxh2 38. Qxh2 Rh8 0-1

[Event "Ä17Â"]
[Site "Loo"]
[Date "2017.04.21"]
[Round "2.16"]
[White "Àôîíàñüåâà, Àííà."]
[Black "Ñóâåðí¸âà, Àë¸íà."]
[Result "1/2-1/2"]
[WhiteElo "2213"]
[BlackElo "1768"]
[PlyCount "102"]
[EventDate "2017.04.20"]

1. d4 d5 2. Nf3 Nf6 3. c4 c6 4. Nc3 e6 5. Qd3 dxc4 6. Qxc4 b5 7. Qd3 a6 8. g3
c5 9. Bg2 Bb7 10. O-O cxd4 11. Qxd4 Qxd4 12. Nxd4 Bxg2 13. Kxg2 Bc5 14. Rd1
Nbd7 15. f3 Nb6 16. a3 O-O-O 17. Nb3 Rxd1 18. Nxd1 Be7 19. Be3 Nc4 20. Bc5 Bxc5
21. Nxc5 Rd8 22. Kf2 Rd6 23. b3 Rc6 24. Nxa6 Rxa6 25. bxc4 bxc4 26. e4 Nd7 27.
Ke3 Nc5 28. Ra2 Nb3 29. Rc2 Rxa3 30. Rxc4+ Kd7 31. Rc3 Ra1 32. Rxb3 Rxd1 33.
Rb8 h5 34. Kf4 Rd3 35. Rb7+ Ke8 36. Rb5 g6 37. Rb8+ Ke7 38. e5 Rd5 39. h4 Rd3
40. Rh8 Rd4+ 41. Ke3 Ra4 42. Rb8 Rc4 43. Kd3 Ra4 44. Rc8 Ra3+ 45. Ke4 Ra4+ 46.
Ke3 Rb4 47. Ra8 Rc4 48. Ra7+ Kf8 49. Rd7 Rc1 50. Kf4 Kg7 51. Rd3 Rh1 1/2-1/2

[Event "Ä17Â"]
[Site "Loo"]
[Date "2017.04.21"]
[Round "2.17"]
[White "Ãàðìàø, Àëåíà."]
[Black "Áû÷åíêîâà, Þëèÿ."]
[Result "1-0"]
[WhiteElo "1844"]
[BlackElo "1730"]
[PlyCount "93"]
[EventDate "2017.04.20"]

1. d4 f5 2. Nf3 Nf6 3. Bf4 e6 4. e3 d5 5. c4 c6 6. Nc3 Bd6 7. Ne5 O-O 8. Bd3
Bc7 9. O-O Nbd7 10. Nxd7 Bxd7 11. Bxc7 Qxc7 12. Rc1 Qd6 13. c5 Qc7 14. f4 Be8
15. Qd2 Bh5 16. b4 h6 17. Be2 Qf7 18. Bxh5 Qxh5 19. Qe2 Qxe2 20. Nxe2 Ne4 21.
Nc3 Nd2 22. Rfd1 Nc4 23. Kf2 b5 24. a4 Nb2 25. Rd2 Nc4 26. Ra2 a5 27. Rb1 bxa4
28. Rxa4 axb4 29. Rbxb4 Rfb8 30. Rxb8+ Rxb8 31. Ra2 Rb2+ 32. Rxb2 Nxb2 33. Ke2
Kf7 34. Nb1 Ke7 35. Na3 Kd7 36. Kd2 Kc7 37. Kc2 Nc4 38. Nxc4 dxc4 39. Kc3 Kb7
40. Kxc4 Ka6 41. Kd3 Kb5 42. e4 g6 43. h3 h5 44. e5 Kb4 45. d5 exd5 46. e6 Kxc5
47. e7 1-0

[Event "Ä17Â"]
[Site "Loo"]
[Date "2017.04.21"]
[Round "2.18"]
[White "Êâà÷êî, Àíàñòàñèÿ."]
[Black "Ýñàóëîâà, Ìàðôà."]
[Result "1-0"]
[WhiteElo "1772"]
[BlackElo "1826"]
[PlyCount "83"]
[EventDate "2017.04.20"]

1. e4 c5 2. c3 Nf6 3. e5 Nd5 4. g3 d6 5. exd6 Qxd6 6. Bg2 Nc6 7. Ne2 Bg4 8. O-O
e5 9. Na3 Rd8 10. Qe1 Be7 11. h3 Bh5 12. Nc4 Qd7 13. Kh2 Bg6 14. f4 e4 15. Qf2
f5 16. a4 O-O 17. Rd1 Bf7 18. d4 Nxc3 19. Nxc3 Bxc4 20. dxc5 Qe6 21. Be3 Bf6
22. Rxd8 Rxd8 23. Nb5 Nb4 24. Nd6 Nd3 25. Qg1 Bxb2 26. Rb1 Ba2 27. Rf1 Qd7 28.
g4 Be6 29. gxf5 Bxf5 30. Nxe4 Bxe4 31. Bxe4 Qxa4 32. Qg5 Bf6 33. Qf5 Qa2+ 34.
Kg1 Qe2 35. Rf3 Ne1 36. Bd5+ Kh8 37. Rg3 Bh4 38. Bd4 Bxg3 39. Bxg7+ Kxg7 40.
Qf7+ Kh6 41. Qf6+ Kh5 42. Qg5# 1-0

[Event "Ä17Â"]
[Site "Loo"]
[Date "2017.04.21"]
[Round "2.19"]
[White "Ïîëçóíîâà, Àíàñòàñèÿ."]
[Black "Õîðóíæåâà, Êñåíèÿ."]
[Result "1-0"]
[WhiteElo "1814"]
[BlackElo "1688"]
[PlyCount "59"]
[EventDate "2017.04.20"]

1. e4 c5 2. Nf3 d6 3. d4 cxd4 4. Nxd4 Nf6 5. Nc3 e6 6. Be2 Be7 7. O-O O-O 8.
Be3 Nc6 9. f4 a6 10. Qe1 Bd7 11. Qg3 b5 12. a3 Rc8 13. Nxc6 Bxc6 14. Bd3 Qc7
15. Rae1 Nd7 16. e5 dxe5 17. fxe5 Qxe5 18. Qh3 g6 19. Bh6 Qd4+ 20. Kh1 Rfd8 21.
Rxf7 Qh4 22. Qxh4 Bxh4 23. Ref1 Ne5 24. Rg7+ Kh8 25. Be2 Rd6 26. Ra7 Rcd8 27.
Bg7+ Kg8 28. Bxe5 Rd2 29. Rg7+ Kh8 30. Rxg6+ 1-0

[Event "Ä17Â"]
[Site "Loo"]
[Date "2017.04.21"]
[Round "2.20"]
[White "Êîáçåâà, Òàòüÿíà."]
[Black "Çàõàðîâà, Òàòüÿíà."]
[Result "0-1"]
[WhiteElo "1753"]
[BlackElo "1811"]
[PlyCount "42"]
[EventDate "2017.04.20"]

1. Nf3 d5 2. g3 Nf6 3. Bg2 c5 4. O-O Nc6 5. d3 e6 6. Nh4 Be7 7. Nd2 g5 8. Nhf3
g4 9. Ne1 Qc7 10. f4 Bd7 11. e4 h5 12. e5 Ng8 13. c4 dxc4 14. Nxc4 Nh6 15. Nc2
O-O-O 16. Bd2 Nf5 17. N2e3 Ncd4 18. b4 Bc6 19. Bxc6 Qxc6 20. Na5 Qc7 21. bxc5
Nxe3 0-1

[Event "Ä17Â"]
[Site "Loo"]
[Date "2017.04.21"]
[Round "2.21"]
[White "Êèðàêîñÿí, Êàìèëà."]
[Black "Åãîðîâà, Âàëåíòèíà."]
[Result "1/2-1/2"]
[WhiteElo "1803"]
[BlackElo "1642"]
[PlyCount "103"]
[EventDate "2017.04.20"]

1. e4 e6 2. d4 d5 3. Nd2 dxe4 4. Nxe4 Nc6 5. Nf3 Nf6 6. Nxf6+ gxf6 7. c3 Bd6 8.
Bd3 Bd7 9. Qe2 Ne7 10. Nd2 Ng6 11. Nc4 Bf4 12. Bxg6 Bxc1 13. Bxf7+ Kxf7 14.
Rxc1 Bc6 15. Qh5+ Ke7 16. f3 Qd5 17. Qxd5 Bxd5 18. Nd2 Rhg8 19. Kf2 Rad8 20.
Rhe1 Kf7 21. c4 Bc6 22. Nb3 Ba4 23. Nc5 Bd7 24. Re3 b6 25. Nb3 Ba4 26. Rd3 Bxb3
27. axb3 a5 28. Rcd1 Rd6 29. d5 Re8 30. dxe6+ Rdxe6 31. Rd7+ Kg6 32. R1d2 R6e7
33. Rxe7 Rxe7 34. Rd5 h6 35. c5 c6 36. Rd6 bxc5 37. Rxc6 Rb7 38. Rxc5 Rxb3 39.
Rxa5 Rxb2+ 40. Kg3 Rb3 41. Ra8 Kg7 42. Ra4 Rb8 43. Rg4+ Kh7 44. Kh4 Rb7 45. Rf4
Rb6 46. Rd4 Kg6 47. Rd5 Rb2 48. Kg3 Rc2 49. Rd8 Kg7 50. Rd4 h5 51. Rd5 Kg6 52.
Rb5 1/2-1/2

[Event "Ä17Â"]
[Site "Loo"]
[Date "2017.04.21"]
[Round "2.22"]
[White "Åìåëüÿíîâà, Âèêòîðèÿ."]
[Black "Ïåð÷, Ñîôüÿ."]
[Result "0-1"]
[WhiteElo "1713"]
[BlackElo "1802"]
[PlyCount "116"]
[EventDate "2017.04.20"]

1. e4 c5 2. Nf3 d6 3. Bb5+ Bd7 4. Bxd7+ Nxd7 5. O-O Ngf6 6. Qe2 e5 7. b3 Be7 8.
Bb2 O-O 9. c3 a6 10. a4 Qb6 11. Qc4 Qc6 12. d4 Qxe4 13. Nbd2 Qc6 14. dxe5 dxe5
15. Rfe1 Bd6 16. Rad1 Bc7 17. Qe2 Rfe8 18. c4 Rad8 19. Nf1 e4 20. N3d2 Re6 21.
Ne3 Ne5 22. Bxe5 Rxe5 23. Nb1 Ree8 24. Nc3 Ba5 25. Qc2 h6 26. h3 Bxc3 27. Qxc3
b5 28. axb5 axb5 29. Rxd8 Rxd8 30. Qa5 Rb8 31. Qa7 Qb6 32. Qxb6 Rxb6 33. Ng4
Nxg4 34. hxg4 bxc4 35. bxc4 Re6 36. Kh2 g5 37. Kg3 Kg7 38. Re3 Kg6 39. Re1 Kf6
40. Re3 Ke5 41. Rc3 Kd4 42. Rc1 Kd3 43. Kh2 Rf6 44. Kg1 e3 45. fxe3 Kxe3 46.
Re1+ Kd3 47. g3 Kxc4 48. Rc1+ Kd5 49. Rd1+ Kc6 50. Ra1 Kb5 51. Rb1+ Kc4 52.
Rc1+ Kb4 53. Rb1+ Ka3 54. Rb8 c4 55. Rc8 Kb3 56. Rb8+ Kc2 57. Rc8 c3 58. Ra8
Rb6 0-1

[Event "Ä17Â"]
[Site "Loo"]
[Date "2017.04.21"]
[Round "2.23"]
[White "Ñòðîãàíîâà, Êàðèíà."]
[Black "Ìóðàâüåâà, Êñåíèÿ."]
[Result "0-1"]
[WhiteElo "1790"]
[BlackElo "1369"]
[PlyCount "58"]
[EventDate "2017.04.20"]

1. d4 d5 2. c4 e6 3. Nf3 Nf6 4. g3 Be7 5. Bg2 O-O 6. O-O dxc4 7. Ne5 Nbd7 8.
Nxc4 Nb6 9. Ne5 c5 10. dxc5 Bxc5 11. Nc3 Nbd5 12. Na4 Be7 13. e4 Nb6 14. Nc3
Qc7 15. Nd3 Rd8 16. e5 Nfd5 17. Nxd5 Nxd5 18. Qe2 Bd7 19. Nf4 Nb4 20. Bd2 Rac8
21. a3 Nc6 22. Bc3 Qb6 23. Rfd1 Be8 24. Rac1 Rxd1+ 25. Rxd1 Rd8 26. b4 Nd4 27.
Qb2 Nb5 28. Rxd8 Qxd8 29. Bxb7 Qc7 0-1

[Event "Ä17Â"]
[Site "Loo"]
[Date "2017.04.21"]
[Round "2.25"]
[White "Ïîïîâà, Äàðüÿ."]
[Black "Áó÷åëüíèêîâà, Êñåíèÿ."]
[Result "0-1"]
[WhiteElo "1504"]
[BlackElo "1776"]
[PlyCount "90"]
[EventDate "2017.04.20"]

1. d4 d5 2. c4 e6 3. Nc3 Nf6 4. cxd5 exd5 5. Bg5 Nbd7 6. Nf3 c6 7. e3 Be7 8.
Bd3 O-O 9. O-O Re8 10. Qc2 Nf8 11. Bxf6 Bxf6 12. Rab1 g6 13. b4 a6 14. a4 Ne6
15. Rfd1 Ng7 16. b5 axb5 17. axb5 Bf5 18. bxc6 bxc6 19. Bxf5 Nxf5 20. Na4 Qd6
21. Rdc1 Ne7 22. Nc5 Ra7 23. Ra1 Rea8 24. Rxa7 Rxa7 25. h3 Qc7 26. Rb1 Qa5 27.
Qb3 Ra8 28. Qb7 Qa7 29. Nd7 Kg7 30. Nxf6 Kxf6 31. Qb4 Qa3 32. Qb7 Qa7 33. Ne5
Qxb7 34. Rxb7 Ra1+ 35. Kh2 Ra2 36. Rb6 Rc2 37. Rb8 Ke6 38. Nd3 Rd2 39. Nc5+ Kf6
40. f3 Nf5 41. e4 Nxd4 42. exd5 cxd5 43. Rb6+ Kg7 44. Kg3 Nf5+ 45. Kh2 Nh4 0-1

[Event "Ä15Â"]
[Site "Loo"]
[Date "2017.04.21"]
[Round "2.1"]
[White "Øåñòàêîâà, Åêàòåðèíà."]
[Black "Âèíîêóð, Þëèÿ."]
[Result "0-1"]
[WhiteElo "1840"]
[BlackElo "2233"]
[PlyCount "164"]
[EventDate "2017.04.20"]

1. e4 Nf6 2. e5 Nd5 3. c4 Nb6 4. d4 d6 5. exd6 cxd6 6. d5 e5 7. Bd3 f5 8. Qc2
g6 9. h4 Na6 10. Bg5 Be7 11. Bxe7 Qxe7 12. Nc3 Nb4 13. Qd2 Bd7 14. b3 Nxd3+ 15.
Qxd3 O-O-O 16. Nge2 Kb8 17. O-O-O g5 18. g3 h6 19. Kb2 Qf6 20. a4 Nc8 21. a5
Ne7 22. Ra1 Ng6 23. h5 e4 24. Qd4 Ne5 25. Kc2 Rhf8 26. a6 b6 27. Na4 Bxa4 28.
Rxa4 Rc8 29. Rb4 Ka8 30. Rf1 Rc5 31. Kd1 Ra5 32. Nc3 Nd3 33. Qxf6 Rxf6 34. Rb5
Rxa6 35. Na4 Nc5 36. Nxc5 bxc5 37. Kc2 Ra2+ 38. Kc3 Rf8 39. b4 cxb4+ 40. Rxb4
Rb8 41. Rxb8+ Kxb8 42. Kb3 Re2 43. Kb4 Kb7 44. c5 dxc5+ 45. Kxc5 Kc7 46. d6+
Kd7 47. Ra1 Rxf2 48. Rxa7+ Ke6 49. Re7+ Kf6 50. Re8 Rd2 51. Kc6 f4 52. gxf4
gxf4 53. Rxe4 f3 54. Rf4+ Ke5 55. Rxf3 Rxd6+ 56. Kc5 Rd5+ 57. Kc6 Rd1 58. Rc3
Kf5 59. Rg3 Rh1 60. Kd5 Rxh5 61. Kd4 Kf4 62. Rg8 Rf5 63. Kd3 Re5 64. Rf8+ Kg5
65. Rg8+ Kh4 66. Kd4 Re7 67. Rg1 h5 68. Rh1+ Kg4 69. Rg1+ Kf4 70. Rg8 Rd7+ 71.
Kc3 h4 72. Rf8+ Kg3 73. Rg8+ Kh2 74. Re8 h3 75. Re2+ Kg1 76. Re8 Rg7 77. Kd2 h2
78. Re1+ Kg2 79. Re2+ Kh3 80. Re3+ Rg3 81. Re1 Rg2+ 82. Ke3 Rg1 0-1

[Event "Ä15Â"]
[Site "Loo"]
[Date "2017.04.21"]
[Round "2.2"]
[White "Ìèðîøíèê, Åêàòåðèíà."]
[Black "Êàðåëèíà, Âèêòîðèÿ."]
[Result "1-0"]
[WhiteElo "2116"]
[BlackElo "1826"]
[PlyCount "119"]
[EventDate "2017.04.20"]

1. d4 Nf6 2. c4 g6 3. Nf3 Bg7 4. g3 O-O 5. Bg2 d6 6. O-O Nc6 7. Nc3 e5 8. d5
Nb8 9. e4 a5 10. Ne1 Na6 11. Nd3 Nd7 12. Be3 f5 13. a3 Nac5 14. Nxc5 Nxc5 15.
Bxc5 dxc5 16. Qd2 f4 17. f3 g5 18. g4 Rf6 19. Qf2 b6 20. Rfd1 Ba6 21. b3 Qd6
22. Bf1 Bf8 23. Ra2 Qd7 24. Qe1 Bd6 25. h4 Qg7 26. hxg5 Qxg5 27. Rh2 Rg6 28.
Qh4 Qxh4 29. Rxh4 h6 30. Rh5 Kf7 31. Rd2 Re8 32. Rdh2 Bf8 33. Rf5+ Rf6 34. Rhh5
Rxf5 35. exf5 c6 36. dxc6 Rc8 37. Bd3 Rxc6 38. Be4 Rc7 39. Nd5 Rd7 40. Nxb6
Rd1+ 41. Kf2 Rd2+ 42. Ke1 Rb2 43. Nd7 Rxb3 44. Bd5+ Ke8 45. Nxf8 Kxf8 46. Rxh6
Bb7 47. Rf6+ Ke8 48. Re6+ Kf8 49. Bxb7 Rxb7 50. Rxe5 Rb3 51. Rxc5 Rxa3 52. g5
Rxf3 53. Rxa5 Rg3 54. f6 Kf7 55. Rf5 Rg2 56. Kf1 f3 57. c5 Rc2 58. Ke1 f2+ 59.
Kf1 Rb2 60. Rxf2 1-0

[Event "Ä15Â"]
[Site "Loo"]
[Date "2017.04.21"]
[Round "2.3"]
[White "Ãèðøãîðí, Ìàðèÿ."]
[Black "Ãàðèôóëëèíà, Ëåÿ."]
[Result "1/2-1/2"]
[WhiteElo "1813"]
[BlackElo "2015"]
[PlyCount "111"]
[EventDate "2017.04.20"]

1. d4 Nf6 2. Nf3 e6 3. c4 b6 4. Nc3 Bb4 5. Qc2 Bb7 6. g3 O-O 7. Bg2 c5 8. O-O
cxd4 9. Nxd4 Bxg2 10. Kxg2 Qc7 11. Ncb5 Qb7+ 12. Nf3 a6 13. Nbd4 Nc6 14. Be3
Ng4 15. Rad1 Nxe3+ 16. fxe3 Rac8 17. a3 Be7 18. Rd3 d5 19. Rc3 dxc4 20. Rxc4
Na5 21. Rxc8 Rxc8 22. Qb1 Nc4 23. Kf2 e5 24. Nb3 Bf6 25. Nfd2 Nd6 26. Rc1 Rxc1
27. Qxc1 g6 28. Nf3 Qd5 29. Qc2 Kg7 30. Qd3 Qxd3 31. exd3 e4 32. Nfd4 exd3 33.
Nd2 b5 34. b3 Kf8 35. Ke1 Ke8 36. a4 Kd7 37. axb5 Nxb5 38. Nxb5 axb5 39. Ne4
Be7 40. Kd2 f5 41. Nf2 Kd6 42. Kxd3 Kd5 43. e4+ fxe4+ 44. Nxe4 Bd8 45. Nc3+ Kc5
46. Ne4+ Kb4 47. Kc2 Be7 48. h3 h5 49. g4 h4 50. Kb2 Bf8 51. Kc2 Bg7 52. Ng5
Be5 53. Ne4 Bf4 54. Kb2 Bb8 55. Kc2 Be5 56. Ng5 1/2-1/2

[Event "Ä15Â"]
[Site "Loo"]
[Date "2017.04.21"]
[Round "2.4"]
[White "Ãåòüìàí, Òàòüÿíà."]
[Black "Ðûáàêîâà, Àíàñòàñèÿ."]
[Result "1-0"]
[WhiteElo "1972"]
[BlackElo "1812"]
[PlyCount "89"]
[EventDate "2017.04.20"]

1. d4 e6 2. c4 d5 3. cxd5 exd5 4. Nc3 c6 5. Nf3 Bd6 6. Bg5 f6 7. Bh4 Bf5 8. e3
Ne7 9. Bd3 O-O 10. O-O Nd7 11. e4 dxe4 12. Nxe4 Nb6 13. Qc2 Bg6 14. Rad1 Nbd5
15. Nc5 Bxc5 16. dxc5 Kh8 17. Bxg6 Nxg6 18. Bg3 Qa5 19. a3 Rfe8 20. h4 Ngf4 21.
Bxf4 Nxf4 22. Rd7 Rad8 23. Rxb7 Ne2+ 24. Kh2 Qa6 25. Rb4 Nd4 26. Nxd4 Qxf1 27.
Nxc6 Rd1 28. Re4 Qh1+ 29. Kg3 Re1 30. Rxe8+ Rxe8 31. Qd3 Qe1 32. b4 Qe6 33. b5
f5 34. Kh2 Qf6 35. Qd4 Qe6 36. Nxa7 h6 37. c6 Qf7 38. b6 Re4 39. Qd8+ Kh7 40.
c7 Qa2 41. c8=Q Qxf2 42. Qg8+ Kg6 43. Qc6+ Kh5 44. Qf7+ Kxh4 45. Qxe4+ 1-0

[Event "Ä15Â"]
[Site "Loo"]
[Date "2017.04.21"]
[Round "2.5"]
[White "Óñêîâà, Òàèñèÿ."]
[Black "Áóëàòîâà, Êàìàëèÿ."]
[Result "0-1"]
[WhiteElo "1798"]
[BlackElo "1957"]
[PlyCount "90"]
[EventDate "2017.04.20"]

1. e4 c5 2. Nf3 d6 3. c3 Nf6 4. Be2 Nbd7 5. d3 g6 6. O-O Bg7 7. h3 O-O 8. Be3
b6 9. Qc2 Bb7 10. Rd1 Rc8 11. Nbd2 e5 12. Nc4 Qe7 13. a4 a6 14. Na3 h6 15. c4
a5 16. Qd2 Kh7 17. Nb5 Ne8 18. Nh2 Nb8 19. Nf3 Nc6 20. Qc1 Nd4 21. Nfxd4 exd4
22. Bd2 f5 23. f3 f4 24. b4 Ra8 25. bxa5 bxa5 26. Qa3 Bc8 27. Kh2 Bf6 28. Rdb1
Bh4 29. Qc1 Bg3+ 30. Kh1 Nf6 31. Be1 Nh5 32. Bf1 g5 33. Qc2 g4 34. Qe2 gxh3 35.
gxh3 Be6 36. Ra2 Rg8 37. Qd1 Rg7 38. Bg2 Qh4 39. Bxg3 Rxg3 40. Rbb2 Bxh3 41.
Bxh3 Rxh3+ 42. Rh2 Rg8 43. Rxh3 Qxh3+ 44. Rh2 Ng3+ 45. Kg1 Nf1+ 0-1

[Event "Ä15Â"]
[Site "Loo"]
[Date "2017.04.21"]
[Round "2.6"]
[White "Äàâûäîâà, Êèðà."]
[Black "Ãóòêîâè÷, Ïîëèíà."]
[Result "1-0"]
[WhiteElo "1769"]
[BlackElo "1952"]
[PlyCount "67"]
[EventDate "2017.04.20"]

1. Nf3 c5 2. e3 d5 3. b3 Nc6 4. Bb2 Nf6 5. d4 e6 6. Bd3 Bd6 7. Nbd2 O-O 8. O-O
b6 9. Ne5 Bb7 10. f4 Rc8 11. a3 Ne7 12. Ng4 Ne4 13. Bxe4 dxe4 14. Nc4 f5 15.
Nge5 b5 16. Nxd6 Qxd6 17. c4 a6 18. dxc5 Qxc5 19. Qd7 Qxe3+ 20. Kh1 Qxb3 21.
Qxe6+ Kh8 22. Qxe7 Qxb2 23. Qxb7 Qe2 24. Qd5 Qh5 25. cxb5 Rcd8 26. Qb3 axb5 27.
Rad1 Ra8 28. Rd7 h6 29. Qe6 Rf6 30. Qe7 Rg8 31. Nf7+ Kh7 32. Ng5+ hxg5 33. Qxf6
gxf4 34. Rxf4 1-0

[Event "Ä15Â"]
[Site "Loo"]
[Date "2017.04.21"]
[Round "2.7"]
[White "Ôèëèïïîâà, Ìàðãàðèòà."]
[Black "Ïîïîâà, Èðèíà."]
[Result "1/2-1/2"]
[WhiteElo "1767"]
[BlackElo "1938"]
[PlyCount "81"]
[EventDate "2017.04.20"]

1. d4 e6 2. Bf4 b6 3. e3 Bb7 4. Nf3 Be7 5. Nbd2 f5 6. Bd3 Nf6 7. h3 O-O 8. c3
d6 9. Qb3 Nd5 10. Bh2 Nd7 11. c4 N5f6 12. Ng5 Qc8 13. Nxe6 Nc5 14. Nxc5 bxc5
15. d5 c6 16. Qc2 g6 17. dxc6 Qxc6 18. f3 Nd7 19. O-O Bg5 20. Rfe1 Rae8 21. e4
f4 22. Nb1 Ne5 23. Bf1 Qd7 24. Rd1 Nc6 25. Nc3 Nd4 26. Qd3 Bh6 27. Ne2 Nxe2+
28. Bxe2 Re6 29. Rab1 a5 30. Kh1 Bg7 31. Bg1 Qc7 32. a3 a4 33. b4 axb3 34. Qxb3
Bc6 35. Qb6 Qc8 36. Rd3 Be5 37. Qb3 Re7 38. Qa2 Ra7 39. Rdb3 Qc7 40. Bf2 Rfa8
41. Be1 1/2-1/2

[Event "Ä15Â"]
[Site "Loo"]
[Date "2017.04.21"]
[Round "2.8"]
[White "Êóòÿíèíà, Ìàðèÿ."]
[Black "Òèòèåâñêàÿ, Åëèçàâåòà."]
[Result "0-1"]
[WhiteElo "1922"]
[BlackElo "1762"]
[PlyCount "140"]
[EventDate "2017.04.20"]

1. e4 c5 2. Nc3 Nc6 3. f4 e6 4. Nf3 d5 5. Bb5 Nge7 6. O-O a6 7. Bxc6+ Nxc6 8.
d3 Be7 9. a3 O-O 10. Rb1 b6 11. Qe1 Bb7 12. Qg3 dxe4 13. Nxe4 c4 14. Nf2 Qd5
15. Be3 Bc5 16. Bxc5 Qxc5 17. Kh1 cxd3 18. cxd3 Rfd8 19. Ne4 Qb5 20. Nf6+ Kf8
21. Nxh7+ Kg8 22. f5 Qxf5 23. Nfg5 Qxd3 24. Qf4 Qg6 25. Rbe1 e5 26. Qxf7+ Qxf7
27. Rxf7 Rab8 28. Ref1 e4 29. h3 e3 30. Re1 Re8 31. Rd7 Bc8 32. Rd5 a5 33. Rd6
Bb7 34. Rd3 e2 35. Rd2 Ba6 36. Rd6 Rbc8 37. Rg6 Kh8 38. Rd6 Ne5 39. Rd2 Ng6 40.
Kh2 Kg8 41. Rd6 Nf4 42. Rxb6 Ra8 43. Nf6+ gxf6 44. Rxf6 Nd3 45. Rg6+ Kf8 46.
Ne6+ Kf7 47. Rg7+ Kf6 48. Rxe2 Rxe6 49. Rg6+ Kxg6 50. Rxe6+ Kf5 51. Rd6 Nxb2
52. Rd5+ Ke4 53. Rxa5 Kf4 54. g3+ Kf3 55. Rf5+ Ke4 56. Ra5 Nd1 57. g4 Ne3 58.
Kg3 Nf1+ 59. Kg2 Ke3 60. Kg1 Ke2 61. g5 Rg8 62. Rxa6 Rxg5+ 63. Kh1 Ng3+ 64. Kh2
Ne4 65. Ra8 Kf1 66. Rf8+ Nf2 67. Rxf2+ Kxf2 68. h4 Rg2+ 69. Kh3 Rg3+ 70. Kh2
Rxa3 0-1

[Event "Ä15Â"]
[Site "Loo"]
[Date "2017.04.21"]
[Round "2.9"]
[White "Ëåâè÷åâà, Åêàòåðèíà."]
[Black "Ãðóáîâà, Ñîôèÿ."]
[Result "1-0"]
[WhiteElo "1884"]
[BlackElo "1650"]
[PlyCount "65"]
[EventDate "2017.04.20"]

1. e4 e6 2. d4 d5 3. Nc3 Bb4 4. a3 Bxc3+ 5. bxc3 Ne7 6. e5 O-O 7. Qg4 c5 8. Nf3
Nbc6 9. Bd3 f5 10. exf6 Rxf6 11. Qh3 h6 12. Ne5 Nxe5 13. dxe5 Rf7 14. Qg4 Kh8
15. Qh5 Qf8 16. f4 c4 17. Be2 Rf5 18. Qg4 Bd7 19. O-O Nc6 20. Be3 Qe7 21. Qh3
Kg8 22. g4 Rff8 23. Kh1 Rf7 24. Rg1 g5 25. Raf1 Raf8 26. Qxh6 gxf4 27. Rxf4
Nxe5 28. Rgf1 Rxf4 29. Bxf4 Nc6 30. Qg6+ Kh8 31. Bg5 Qxa3 32. Rxf8+ Qxf8 33.
Bf6+ 1-0

[Event "Ä15Â"]
[Site "Loo"]
[Date "2017.04.21"]
[Round "2.10"]
[White "Öâåòêîâà, Âëàäèñëàâà."]
[Black "Ïîãîðåëüñêèõ, Ñîôüÿ."]
[Result "0-1"]
[WhiteElo "1615"]
[BlackElo "1880"]
[PlyCount "62"]
[EventDate "2017.04.20"]

1. e4 c5 2. Nf3 d6 3. d4 cxd4 4. Nxd4 Nf6 5. Nc3 a6 6. h3 e5 7. Nde2 b5 8. g4
b4 9. Nd5 Nxd5 10. Qxd5 Ra7 11. Be3 Be6 12. Qd2 Rd7 13. Qxb4 d5 14. Qa4 d4 15.
Bd2 Bc5 16. Bg2 O-O 17. O-O Qh4 18. Rad1 Rc8 19. Nc1 h5 20. Nd3 hxg4 21. hxg4
Bd6 22. f3 Rc4 23. Qa5 Rxc2 24. Nxe5 Nc6 25. Qa4 Nxe5 26. Qxc2 Nxg4 27. Bf4
Bxf4 28. Bh3 Qxh3 29. fxg4 Be3+ 30. Rf2 Bxf2+ 31. Qxf2 Qxg4+ 0-1

[Event "Ä15Â"]
[Site "Loo"]
[Date "2017.04.21"]
[Round "2.11"]
[White "Ùåäðîâà, Òàòüÿíà."]
[Black "Êðèêóíîâà, Îëåñÿ."]
[Result "1-0"]
[WhiteElo "1547"]
[BlackElo "1847"]
[PlyCount "63"]
[EventDate "2017.04.20"]

1. e4 d6 2. d4 Nf6 3. Nc3 e5 4. Nf3 Nbd7 5. Bc4 Be7 6. O-O O-O 7. a4 c6 8. h3
h6 9. Be3 Re8 10. Qd2 Qc7 11. Bxh6 gxh6 12. Qxh6 d5 13. exd5 cxd5 14. Bxd5 Nxd5
15. Nxd5 Qd6 16. Nxe7+ Qxe7 17. Rfe1 f6 18. dxe5 fxe5 19. Re4 Qh7 20. Rg4+ Kh8
21. Qd6 Qf5 22. Rh4+ Kg8 23. Qh6 Kf7 24. Ng5+ Ke7 25. Qg7+ Kd8 26. Nf7+ Kc7 27.
Rc4+ Kb8 28. Nd6 Qf8 29. Nxe8 Qxe8 30. Ra3 b6 31. Rac3 Ba6 32. Rc7 1-0

[Event "Ä15Â"]
[Site "Loo"]
[Date "2017.04.21"]
[Round "2.12"]
[White "Ñîëîæåíêèíà, Åëèçàâåòà."]
[Black "Åðøîâà, Ñîôüÿ."]
[Result "1-0"]
[WhiteElo "2234"]
[BlackElo "1727"]
[PlyCount "58"]
[EventDate "2017.04.20"]

1. e4 e5 2. Nf3 Nc6 3. Bb5 a6 4. Ba4 d6 5. Bxc6+ bxc6 6. d4 exd4 7. Nxd4 Bb7 8.
O-O c5 9. Nb3 Nf6 10. Nc3 Be7 11. Re1 a5 12. a4 O-O 13. Bf4 Ne8 14. Qd2 g5 15.
Bg3 Ng7 16. Rad1 Ba6 17. Qe3 Ne6 18. Nxa5 Nd4 19. Qd2 h5 20. h3 h4 21. Bh2 Kh7
22. Nd5 Bc8 23. c3 Nf3+ 24. gxf3 Rxa5 25. e5 dxe5 26. Rxe5 Bd6 27. Rxg5 Rg8 28.
Rxg8 Qxg8+ 29. Kh1 Bxh3 1-0

[Event "Ä15Â"]
[Site "Loo"]
[Date "2017.04.21"]
[Round "2.13"]
[White "Âîñêðåñåíñêàÿ, Ìàðòà."]
[Black "Åðîõîâà, Âèîëåòòà."]
[Result "1/2-1/2"]
[WhiteElo "2009"]
[BlackElo "1746"]
[PlyCount "110"]
[EventDate "2017.04.20"]

1. d4 e6 2. c4 Nf6 3. Nf3 d5 4. cxd5 exd5 5. Bg5 c6 6. Qc2 h6 7. Bh4 Nbd7 8. e3
Bd6 9. Bd3 O-O 10. Nc3 b6 11. O-O Bb7 12. Rab1 c5 13. Nb5 Bb8 14. Bf5 a6 15.
Nc3 g5 16. Bg3 Bxg3 17. hxg3 Qc7 18. Rbc1 c4 19. Qd1 b5 20. a3 Rab8 21. Kh2
Rbd8 22. Rh1 Kg7 23. Kg1 Qd6 24. Bb1 Ne4 25. Bxe4 dxe4 26. Nd2 f5 27. Ne2 Ne5
28. b3 Nd3 29. Rc3 cxb3 30. Nxb3 Rc8 31. Nbc1 Rxc3 32. Nxc3 Qc6 33. N1a2 a5 34.
Qb3 Ba6 35. Nd1 Rc8 36. Kh2 a4 37. Qb1 Qc2 38. Qa1 Nxf2 39. Nxf2 Qxf2 40. d5+
Kf7 41. Rf1 Qe2 42. Nb4 Bb7 43. Rxf5+ Kg8 44. d6 Qh5+ 45. Kg1 Rd8 46. Qd4 Qe8
47. Rf6 Kh7 48. Na2 Qg8 49. Nc3 Qc4 50. Qxc4 bxc4 51. Rf7+ Kg6 52. Rxb7 Rxd6
53. Nxe4 Rd3 54. Rc7 Rxe3 55. Rxc4 Rxa3 1/2-1/2

[Event "Ä15Â"]
[Site "Loo"]
[Date "2017.04.21"]
[Round "2.14"]
[White "Äóáíèêîâà, Àíàñòàñèÿ."]
[Black "Ëîñêóòîâà, Âèêòîðèÿ."]
[Result "1/2-1/2"]
[WhiteElo "1697"]
[BlackElo "1981"]
[PlyCount "65"]
[EventDate "2017.04.20"]

1. d4 d5 2. c4 e6 3. Nc3 Bb4 4. cxd5 exd5 5. Nf3 Nf6 6. Bg5 h6 7. Bxf6 Qxf6 8.
Qb3 Bxc3+ 9. Qxc3 c6 10. e3 O-O 11. Be2 Qg6 12. O-O Bh3 13. Ne1 Bf5 14. Bd3 Nd7
15. Bxf5 Qxf5 16. Qd3 Qe6 17. Nf3 Nf6 18. b4 Ne4 19. b5 cxb5 20. Qxb5 Nd6 21.
Qd3 b5 22. Rab1 a6 23. Nd2 h5 24. Nb3 Nc4 25. Nc5 Qc6 26. Rfc1 Rfe8 27. Qd1 g6
28. a4 bxa4 29. Qxa4 Qxa4 30. Nxa4 Rab8 31. Nc5 Rxb1 32. Rxb1 Rd8 33. Nxa6 {
äàëåå çàïèñü íåðàçáîð~~èâà} 1/2-1/2

[Event "Ä15Â"]
[Site "Loo"]
[Date "2017.04.21"]
[Round "2.15"]
[White "Çàéöåâà, Ëþäìèëà."]
[Black "Óñà÷åâà, Ãëàôèðà."]
[Result "1-0"]
[WhiteElo "1953"]
[BlackElo "1705"]
[PlyCount "77"]
[EventDate "2017.04.20"]

1. d4 d5 2. Bf4 Nf6 3. Nf3 c5 4. e3 Nc6 5. c3 Qb6 6. Qb3 c4 7. Qxb6 axb6 8. Na3
Kd7 9. Nb5 Ne8 10. e4 e6 11. g3 g6 12. Bg2 h6 13. exd5 exd5 14. Ne5+ Nxe5 15.
dxe5 Ra5 16. a4 Nc7 17. Rd1 Nxb5 18. axb5 Rxb5 19. Rxd5+ Rxd5 20. Bxd5 Ke8 21.
Bxc4 Bg7 22. h4 Ke7 23. O-O Rd8 24. Re1 Bf5 25. Be3 Rc8 26. Bd5 Rc7 27. Bxb6
Rd7 28. Bf3 Rd2 29. b4 Rd3 30. Bc5+ Ke8 31. Bxb7 Rxc3 32. Rd1 Rd3 33. Bc6+ Kd8
34. Rxd3+ Bxd3 35. f4 g5 36. Kf2 Kc7 37. Be8 Bc4 38. Bd6+ Kb7 39. f5 1-0

[Event "Ä15Â"]
[Site "Loo"]
[Date "2017.04.21"]
[Round "2.16"]
[White "Àôàíàñüåâà, Àëåêñàíäðà."]
[Black "Àëôåðîâà, Ïîëèíà."]
[Result "1-0"]
[WhiteElo "1950"]
[BlackElo "1712"]
[PlyCount "77"]
[EventDate "2017.04.20"]

1. e4 c6 2. d4 d5 3. Nc3 dxe4 4. Nxe4 Nf6 5. Nxf6+ gxf6 6. Nf3 Bf5 7. g3 Qd5 8.
c3 Qe4+ 9. Be3 Bh6 10. Qe2 Bxe3 11. fxe3 Nd7 12. Bg2 Qg4 13. O-O O-O-O 14. Rae1
Be4 15. Qd2 h5 16. Nh4 Bxg2 17. Qxg2 e6 18. e4 Rdg8 19. Rf4 Qg5 20. Ref1 Rh7
21. R4f2 Rhg7 22. Kh1 Qb5 23. Qf3 Rg4 24. Ng2 f5 25. exf5 e5 26. Ne3 R4g5 27.
Qe4 f6 28. Rd1 Qa4 29. b3 Qa5 30. c4 Qc7 31. b4 Rd8 32. d5 cxd5 33. Nxd5 Rg4
34. Qxg4 hxg4 35. Nxc7 Kxc7 36. Rfd2 e4 37. Re2 Ne5 38. Rxd8 Kxd8 39. Rxe4 1-0